The McGraw-Hill 36 hour cash management course
| Main Author: | |
|---|---|
| Other Authors: | |
| Format: | Book |
| Published: |
New York :
McGraw-Hill ,
1993
|
| Subjects: |
MARC
| LEADER | 00000cam a2200000 7i4500 | ||
|---|---|---|---|
| 001 | 0000004390 | ||
| 002 | 000004718 | ||
| 005 | 20000330.0 | ||
| 020 | |a 0070549362 | ||
| 090 | 0 | 0 | |a 658.15244 |b SAR |
| 100 | 1 | |a Sartoris, William L | |
| 245 | 1 | 4 | |a The McGraw-Hill 36 hour cash management course |c William L.Sartoris and Ned c.Hill |
| 260 | |a New York : |b McGraw-Hill , |c 1993 | ||
| 300 | |a 274p. ; |c 22cm. | ||
| 650 | 0 | 0 | |a Cash management |
| 700 | 1 | |a Hill, Ned C | |
| 999 | |a 032893 |b BUKU |c PINJAMAN |e PERPUSTAKAAN KOMUNITI PETALING JAYA | ||